ბათუმის შოთა რუსთაველის სახელმწიფო უნივერსიტეტის ბიბლიოთეკა

ახლა თქვენი დროა; აფერისტი "კლეტკებში (ბიბ.ჩანაწერი № 48693)

000 -LEADER
fixed length control field 01027nam a2200253Ia 4500
001 - CONTROL NUMBER
control field 15593
003 - CONTROL NUMBER IDENTIFIER
control field GE_BSU
008 - FIXED-LENGTH DATA ELEMENTS--GENERAL INFORMATION
fixed length control field 181216s||||||||xx |||||||||||||| ||und||
020 ## - INTERNATIONAL STANDARD BOOK NUMBER
International Standard Book Number 99928-849-8-3
040 ## - CATALOGING SOURCE
Transcribing agency GE_BSU
080 ## - UNIVERSAL DECIMAL CLASSIFICATION NUMBER
Universal Decimal Classification number 821.353.1-92
100 ## - MAIN ENTRY--PERSONAL NAME
Personal name წივწივაძე, თამაზ
245 ## - TITLE STATEMENT
Title ახლა თქვენი დროა; აფერისტი "კლეტკებში
245 ## - TITLE STATEMENT
Remainder of title პუბლ. წერილების კრებული
245 ## - TITLE STATEMENT
Statement of responsibility, etc. შემდგ.: თამარ ჩიკვაიძე, ლაურა დათიაშვილი ; რედ.: ზაალ ბოტკოველი
260 ## - PUBLICATION, DISTRIBUTION, ETC.
Place of publication, distribution, etc. ბათუმი
260 ## - PUBLICATION, DISTRIBUTION, ETC.
Name of publisher, distributor, etc. აჭარა
260 ## - PUBLICATION, DISTRIBUTION, ETC.
Date of publication, distribution, etc. 2001
300 ## - PHYSICAL DESCRIPTION
Extent 486გვ. ; 20სმ.
653 ## - INDEX TERM--UNCONTROLLED
Uncontrolled term ახლა თქვენი დროა; აფერისტი "კლეტკებში
653 ## - INDEX TERM--UNCONTROLLED
Uncontrolled term პუბლ. წერილების კრებული
942 ## - ADDED ENTRY ELEMENTS (KOHA)
Koha item type წიგნი
ეგზემპლარები
Withdrawn status Lost status Damaged status Not for loan Date acquired Barcode Date last seen Price effective from Koha item type
        2018-12-17 38918 2018-12-17 2018-12-17 წიგნი
        2018-12-17 38919 2018-12-17 2018-12-17 წიგნი